000 00710nam a2200205Ia 4500
003 GCL
008 140319s9999 xx 000 0 ara d
040 _aGCL /
_cGCL
082 0 4 _a693.9
_bم ا
100 1 _aمحمد ماجد عباس خلوصى
245 1 0 _aالادارة التنفيذية لمشروعات التشييد والتحكم فى التكلفة والوقت /
_cمحمد ماجد عباس خلوصى
260 _a[S.N] :
_bمطبعة النهضة العربية ،
_c1992
300 _a315 ص
490 _a
650 0 4 _aهندسة الانشاءات
650 0 4 _aالمساكن
650 0 4 _aادارة المشروعات
650 0 4 _aالبناء, أشراف
942 _2ddc
_cBK
999 _c37008
_d37008